000 00590nam a2200229Ia 4500
003 OSt
005 20220924114242.0
006 a|||||r|||| 00| 0
007 ta
008 220923b |||||||| |||| 00| 0 urd d
024 _a311122
037 _cTextual
040 _aARTS
_cARTS
_burd
041 _2urd
_aurd
082 _aO168,1x, G2
100 _aMunawwar Bisheswar Prasad
_9172640
245 0 _aTeen shair
260 _aAmritsar
_c1932
650 _aURDU LITERATURE
942 _hO168,1x, G2
_cTEXL
_2CC
999 _c392696
_d392696